[Event "Condino op 11th"]
[Site "Condino"]
[Date "2011.07.29"]
[Round "7"]
[White "Pichler, Christoph"]
[Black "Sheikh, Mohammed Zann"]
[Result "1-0"]
[WhiteElo "1904"]
[BlackElo "1512"]
[PlyCount "55"]
[EventDate "2011.07.25"]
[EventType "swiss"]
[EventRounds "7"]
[EventCountry "ITA"]
[SourceTitle "EXT 2012"]
[Source "ChessBase"]
[SourceDate "2011.11.24"]
[SourceVersion "1"]
[SourceVersionDate "2011.11.24"]
[SourceQuality "1"]

1. e4 e5 2. Nf3 Nc6 3. Bc4 Bc5 4. c3 Nf6 5. d3 h6 6. Nbd2 d6 7. Nf1 Ng4 8. d4 exd4 9. cxd4 Bb6 10. Ng3 Qf6 11. Bb5 0-0 12. Bxc6 bxc6 13. h3 Nxf2 14. Kxf2 c5 15. Be3 Re8 16. Rc1 Rd8 17. Qd3 a5 18. Qc3 cxd4 19. Bxd4 Qe6 20. Bxb6 cxb6 21. a3 Bb7 22. Rhe1 Qg6 23. Qe3 d5 24. Rc7 Rab8 25. Nf5 Kh8 26. Ne5 d4 27. Nxg6+ fxg6 28. Qg3 1-0

[Event "Condino op 11th"]
[Site "Condino"]
[Date "2011.07.27"]
[Round "5"]
[White "Sheikh, Mohammed Zann"]
[Black "Girelli, Sergio"]
[Result "1/2-1/2"]
[WhiteElo "1512"]
[BlackElo "1792"]
[PlyCount "142"]
[EventDate "2011.07.25"]
[EventType "swiss"]
[EventRounds "7"]
[EventCountry "ITA"]
[SourceTitle "EXT 2012"]
[Source "ChessBase"]
[SourceDate "2011.11.24"]
[SourceVersion "1"]
[SourceVersionDate "2011.11.24"]
[SourceQuality "1"]

1. e4 c5 2. Nf3 d6 3. Nc3 a6 4. b3 Nc6 5. Bb2 e6 6. d3 Nf6 7. h3 Be7 8. Be2 Nd4 9. Qd2 b5 10. e5 dxe5 11. Nxe5 Bb7 12. Bf3 Nxf3+ 13. Nxf3 Qc7 14. Ne2 Bxf3 15. gxf3 0-0-0 16. Rg1 Rhg8 17. Rg2 Bd6 18. Rxg7 Be5 19. Rxg8 Rxg8 20. 0-0-0 Nd5 21. Kb1 Bxb2 22. Kxb2 Qe5+ 23. c3 Rg2 24. f4 Qh5 25. Ng3 Qf3 26. Nh1 Nxf4 27. Ka3 Nd5 28. Rc1 Kb7 29. d4 b4+ 30. cxb4 cxb4+ 31. Ka4 Qf4 32. Qxf4 Nxf4 33. Rc4 Nd5 34. Rc2 Rh2 35. Ng3 Rxh3 36. Ne4 Nc3+ 37. Nxc3 Rxc3 38. Rd2 h5 39. Kxb4 Rf3 40. d5 exd5 41. Rxd5 h4 42. Rh5 h3 43. Rh7 Kb6 44. a4 a5+ 45. Kc4 Kc6 46. Rh5 f6 47. b4 axb4 48. Kxb4 Kb6 49. Rh6 Ka6 50. Kc4 Ka5 51. Kd4 Rf4+ 52. Ke3 Rxa4 53. f4 f5 54. Rh5 Ra3+ 55. Kd4 Kb6 56. Ke5 Kc7 57. Kf6 Kd7 58. Kg5 Ke6 59. Rh6+ Kf7 60. Kxf5 Kg7 61. Rh4 Ra5+ 62. Kg4 Ra3 63. Rxh3 Rxh3 64. Kxh3 Kf6 65. Kg4 Kg6 66. f5+ Kf7 67. Kg5 Kg7 68. f6+ Kf8 69. Kg6 Kg8 70. Kf5 Kf7 71. Kg5 Kf8 1/2-1/2